| 000 | 00461nam a22001697a 4500 | ||
|---|---|---|---|
| 003 | OSt | ||
| 005 | 20251127104448.0 | ||
| 008 | 251127b |||||||| |||| 00| 0 eng d | ||
| 020 | _a978-0-553-21225-9 | ||
| 040 |
_aDWCL - Main _cOC |
||
| 082 | _aF L847s 1904 | ||
| 100 | _aLondon, Jack | ||
| 245 |
_aThe Sea Wolf / _cJack London |
||
| 260 |
_aNew York City, New York, U.S: _bBantam Classics, _cc2007 |
||
| 300 |
_a278 pages; _c17 cm. |
||
| 942 |
_2ddc _cFIC. _kFic _n0 |
||
| 999 |
_c6443 _d6443 |
||